Story of tourism : (Record no. 5063)

MARC details
000 -LEADER
fixed length control field 00671cam a2200241ua 4500
008 - FIXED-LENGTH DATA ELEMENTS--GENERAL INFORMATION
fixed length control field 180622n ii |||gr||||Z||||||eng
020 ## - INTERNATIONAL STANDARD BOOK NUMBER
International Standard Book Number 81-7476-527-1
040 ## - CATALOGING SOURCE
Transcribing agency MAIN
041 ## - LANGUAGE CODE
-- eng
082 ## - DEWEY DECIMAL CLASSIFICATION NUMBER
Classification number 910.5416
100 ## - MAIN ENTRY--PERSONAL NAME
Personal name Bora,Shiela,
Relator term
245 ## - TITLE STATEMENT
Title Story of tourism :
Remainder of title an Enchanting Journey Through India`s North-East /
Statement of responsibility, etc. By Shiela Bora .
250 ## - EDITION STATEMENT
Edition statement 1st ed.
260 ## - PUBLICATION, DISTRIBUTION, ETC.
Place of publication, distribution, etc. New Delhi:
Name of publisher, distributor, etc. UBS Publishers Distibutors pvt.Ltd,
Date of publication, distribution, etc. 2005.
300 ## - PHYSICAL DESCRIPTION
Extent ix,369p.
700 ## - ADDED ENTRY--PERSONAL NAME
Personal name Bora,Shiela,
Relator term
700 ## - ADDED ENTRY--PERSONAL NAME
Personal name Bora,Mahesh Chandra,
Relator term
942 ## - ADDED ENTRY ELEMENTS (KOHA)
Koha item type Books
653 ## - INDEX TERM--UNCONTROLLED
Uncontrolled term History
653 ## - INDEX TERM--UNCONTROLLED
Uncontrolled term Story of Tourism
653 ## - INDEX TERM--UNCONTROLLED
Uncontrolled term Tourism
Holdings
Withdrawn status Lost status Damaged status Not for loan Home library Current library Shelving location Date acquired Total Checkouts Full call number Barcode Date last seen Copy number Price effective from Koha item type Date last checked out
        Central Library, Naharkatiya College Central Library, Naharkatiya College General Stacks 19/09/2020   910.5416 | BOR 16079 19/09/2020 1 19/09/2020 Books  
        Central Library, Naharkatiya College Central Library, Naharkatiya College General Stacks 19/09/2020 2 910.5416 | BOR 18485 31/03/2023 2 19/09/2020 Books 30/03/2023
        Central Library, Naharkatiya College Central Library, Naharkatiya College General Stacks 19/09/2020   910.5416 | BOR 18486 19/09/2020 3 19/09/2020 Books  

Naharkatiya College © 2020. All rights reserved.

Powered By